000 00344nam a2200133Ia 4500
008 220204s9999 xx 000 0 und d
082 _a678:546
_bGIM
100 _aGimblett, F G R
245 0 _aInorganic polymer chemistry
260 _aLondon
_bButterworths
_c1963
650 _aAddition polymers
650 _aInorganic polymers
942 _cBK
999 _c20430
_d20430